000 00862nam a2200289Ia 4500
001 22322
003 IT-RoPAU
008 130308s9999 xx 000 0 und d
040 _aIT-RoPAU
040 _cIT-RoPAU
041 _aITALIANO
100 _aBechelloni Giovanni
100 _gCodice Aut. SPICS: 9416
245 _aEsperienze e gli interrogativi di un giornalista-intellettuale
245 _bMestiere del giornalista (Il)-Sguardo sociologico Sulla Pratica e Sulla Ideologia della professione Giornalistica
250 _a1a ed.
260 _aNAPOLI
260 _bLiguori
260 _c1982 [1° Ed.:1982 - Ed.Ling.Originale:1982]
300 _a"7 p. (prefazione: no ; testo: 7 [pagine: 247-253])"
650 _aSAGGI DI GIORNALISMO
650 _eCodice materia Spics: 7061
942 _cBK
957 _71
999 _c60884
_d60884
999 _bSI
999 _g1